| 000 | 01018nam a2200229Ia 4500 | ||
|---|---|---|---|
| 001 | 969 | ||
| 005 | 20260417134523.0 | ||
| 008 | 260306t2012||||xx |||||||||||||| ||spa|| | ||
| 041 | _aESP | ||
| 082 |
_a174.4 _bV34 2012 |
||
| 100 |
_aVelasquez, Manuel G. _eAUT |
||
| 245 | 0 |
_aÉtica en los negocios: _bconceptos y casos |
|
| 260 | _c2012 | ||
| 300 |
_aviii, 496 páginas : _c26 cm. |
||
| 650 | _aGEN | ||
| 654 | _aCHU | ||
| 856 |
_uhttps://itmsp.museknowledge.com/UCSP?url=https://www.ebooks7-24.com:443/?il=3382&pg=1 _zVersión digital |
||
| 856 |
_uhttps://0u213ww31-y-https-ebooks7--24-com.itmsp.museknowledge.com/biblioteca.aspx _zVéase además: Base de datos Ebook7-24 |
||
| 856 |
_uhttps://0u20fww3l-y-https-research-ebsco-com.itmsp.museknowledge.com/c/qxo6us/search _zVéase además: Base de datos EBSCOhost |
||
| 856 |
_uhttps://0u20vww3c-y-https-ebookcentral-proquest-com.itmsp.museknowledge.com/lib/catolicasp/home.action _zVéase además: Base de datos ProQuest Ebook Central |
||
| 942 |
_cLIB _dJUS _fJUS _2ddc |
||
| 999 |
_c969 _d969 |
||